[Event "Stay Safe Play From Home 269"]
[Site "Emanuel Lasker Arena"]
[Date "2020.07.01"]
[Round "3"]
[White "NeatFox"]
[Black "Aadi3110theking"]
[Result "1/2-1/2"]
[WhiteElo "1899"]
[BlackElo "1620"]
[Annotator "NA"]
[PlyCount "101"]
[EventDate "2020.07.01"]
[EventType "swiss (blitz)"]

1. g4 {[%emt 0:00:04]} d6 {[%emt 0:00:02]} 2. Bg2 {[%emt 0:00:01]} c6 {[%emt 0:00:00]} 3. c4 {[%emt 0:00:01]} Nd7 {[%emt 0:00:01]} 4. Qb3 {[%emt 0:00:00]} Nc5 {[%emt 0:00:01]} 5. Qd1 {[%emt 0:00:01]} Bxg4 {[%emt 0:00:01]} 6. d3 {[%emt 0:00:00]} Nf6 {[%emt 0:00:02]} 7. Nc3 {[%emt 0:00:01]} e5 {[%emt 0:00:01]} 8. b4 {[%emt 0:00:01]} Be7 {[%emt 0:00:00]} 9. bxc5 {[%emt 0:00:01]} dxc5 {[%emt 0:00:00]} 10. Rb1 {[%emt 0:00:00]} Be6 {[%emt 0:00:01]} 11. Ne4 {[%emt 0:00:01]} O-O {[%emt 0:00:01]} 12. Nxf6+ {[%emt 0:00:01]} Bxf6 {[%emt 0:00:01]} 13. Be3 {[%emt 0:00:01]} b6 {[%emt 0:00:02]} 14. Bxc6 {[%emt 0:00:01]} Rc8 {[%emt 0:00:00]} 15. Bg2 {[%emt 0:00:00]} Bf5 {[%emt 0:00:02]} 16. Nf3 {[%emt 0:00:01]} Bg6 {[%emt 0:00:02]} 17. Rg1 {[%emt 0:00:01]} e4 {[%emt 0:00:01]} 18. dxe4 {[%emt 0:00:02]} Bxe4 {[%emt 0:00:00]} 19. Qxd8 {[%emt 0:00:01]} Rfxd8 {[%emt 0:00:00]} 20. Rd1 {[%emt 0:00:00]} Bc3+ {[%emt 0:00:02]} 21. Nd2 {[%emt 0:00:03]} Bc2 {[%emt 0:00:05]} 22. Rc1 {[%emt 0:00:03]} Bxd2+ {[%emt 0:00:03]} 23. Bxd2 {[%emt 0:00:00]} Bg6 {[%emt 0:00:02]} 24. h4 {[%emt 0:00:02]} Rd4 {[%emt 0:00:01]} 25. Be3 {[%emt 0:00:02]} Rd6 {[%emt 0:00:02]} 26. Bf3 {[%emt 0:00:03]} Rcd8 {[%emt 0:00:00]} 27. h5 {[%emt 0:00:06]} Bc2 {[%emt 0:00:01]} 28. Kf1 {[%emt 0:00:02]} Rd1+ {[%emt 0:00:02]} 29. Rxd1 {[%emt 0:00:01]} Rxd1+ {[%emt 0:00:02]} 30. Kg2 {[%emt 0:00:00]} Rd6 {[%emt 0:00:02]} 31. Bf4 {[%emt 0:00:01]} Rf6 {[%emt 0:00:03]} 32. Bg5 {[%emt 0:00:02]} Rf5 {[%emt 0:00:01]} 33. Kh3 {[%emt 0:00:02]} h6 {[%emt 0:00:02]} 34. Bxh6 {[%emt 0:00:02]} g6 {[%emt 0:00:02]} 35. hxg6 {[%emt 0:00:01]} Rf6 {[%emt 0:00:01]} 36. gxf7+ {[%emt 0:00:03]} Kxf7 {[%emt 0:00:00]} 37. Rg7+ {[%emt 0:00:02]} Ke6 {[%emt 0:00:01]} 38. Bg4+ {[%emt 0:00:01]} Ke5 {[%emt 0:00:02]} 39. Re7+ {[%emt 0:00:01]} Kd4 {[%emt 0:00:00]} 40. Bg7 {[%emt 0:00:01]} Kxc4 {[%emt 0:00:01]} 41. Bxf6 {[%emt 0:00:00]} Kb4 {[%emt 0:00:01]} 42. Rxa7 {[%emt 0:00:01]} Kb5 {[%emt 0:00:00]} 43. Rb7 {[%emt 0:00:00]} Kb4 {[%emt 0:00:00]} 44. Rxb6+ {[%emt 0:00:00]} Ka4 {[%emt 0:00:00]} 45. Rc6 {[%emt 0:00:00]} Ka5 {[%emt 0:00:00]} 46. Rxc5+ {[%emt 0:00:00]} Ka4 {[%emt 0:00:00]} 47. Rf5 {[%emt 0:00:00]} Ka3 {[%emt 0:00:00]} 48. Rc5 {[%emt 0:00:00]} Kxa2 {[%emt 0:00:00]} 49. Rxc2+ {[%emt 0:00:00]} Kb1 {[%emt 0:00:00]} 50. Rb2+ {[%emt 0:00:00]} Ka1 {[%emt 0:00:00]} 51. Bf5 {[%emt 0:00:00] (Lag: Av=0.66s, max=1.0s)} 1/2-1/2

[Event "Stay Safe Play From Home 269"]
[Site "Emanuel Lasker Arena"]
[Date "2020.07.01"]
[Round "4"]
[White "Broken sword"]
[Black "AChessPlayer"]
[Result "1/2-1/2"]
[WhiteElo "2466"]
[BlackElo "2438"]
[PlyCount "134"]
[EventDate "2020.07.01"]
[EventType "swiss (blitz)"]

1. d4 {[%emt 0:00:01]} d6 {[%emt 0:00:01]} 2. Nf3 {[%emt 0:00:00]} Nf6 {[%emt 0:00:00]} 3. c3 {[%emt 0:00:00]} Nbd7 {[%emt 0:00:00]} 4. Bg5 {[%emt 0:00:00]} e5 {[%emt 0:00:01]} 5. Nbd2 {[%emt 0:00:01]} Be7 {[%emt 0:00:00]} 6. e3 {[%emt 0:00:01]} O-O {[%emt 0:00:01]} 7. Bd3 {[%emt 0:00:01]} c6 {[%emt 0:00:01]} 8. O-O {[%emt 0:00:01]} Qc7 {[%emt 0:00:00]} 9. Bc2 {[%emt 0:00:01]} Re8 {[%emt 0:00:00]} 10. Re1 {[%emt 0:00:01]} Nf8 {[%emt 0:00:00]} 11. e4 {[%emt 0:00:01]} Ng6 {[%emt 0:00:00]} 12. h3 {[%emt 0:00:01]} h6 {[%emt 0:00:00]} 13. Be3 {[%emt 0:00:01]} b6 {[%emt 0:00:03]} 14. dxe5 {[%emt 0:00:00]} dxe5 {[%emt 0:00:01]} 15. Qe2 {[%emt 0:00:01]} Be6 {[%emt 0:00:01]} 16. Bb3 {[%emt 0:00:01]} Bxb3 {[%emt 0:00:02]} 17. axb3 {[%emt 0:00:00]} Nd7 {[%emt 0:00:02]} 18. Red1 {[%emt 0:00:01]} Nc5 {[%emt 0:00:01]} 19. Bxc5 {[%emt 0:00:01]} Bxc5 {[%emt 0:00:00]} 20. g3 {[%emt 0:00:01]} Rad8 {[%emt 0:00:02]} 21. Kg2 {[%emt 0:00:01]} b5 {[%emt 0:00:00]} 22. b4 {[%emt 0:00:01]} Bb6 {[%emt 0:00:01]} 23. Nf1 {[%emt 0:00:00]} Nf8 {[%emt 0:00:05]} 24. Ne3 {[%emt 0:00:01]} Ne6 {[%emt 0:00:01]} 25. Nf5 {[%emt 0:00:01]} Kh7 {[%emt 0:00:00]} 26. Rxd8 {[%emt 0:00:03]} Rxd8 {[%emt 0:00:01]} 27. Rd1 {[%emt 0:00:00]} g6 {[%emt 0:00:00]} 28. N5h4 {[%emt 0:00:02]} Rxd1 {[%emt 0:00:04]} 29. Qxd1 {[%emt 0:00:00]} Kg7 {[%emt 0:00:00]} 30. Qd2 {[%emt 0:00:01]} a6 {[%emt 0:00:02]} 31. Kf1 {[%emt 0:00:02]} c5 {[%emt 0:00:00]} 32. bxc5 {[%emt 0:00:01]} Bxc5 {[%emt 0:00:01]} 33. Ng2 {[%emt 0:00:01]} Bb6 {[%emt 0:00:01]} 34. Nge1 {[%emt 0:00:01]} Qc5 {[%emt 0:00:02]} 35. Kg2 {[%emt 0:00:01]} Bc7 {[%emt 0:00:02]} 36. Nd3 {[%emt 0:00:01]} Qd6 {[%emt 0:00:01]} 37. Qe2 {[%emt 0:00:01]} a5 {[%emt 0:00:01]} 38. Ndxe5 {[%emt 0:00:02]} b4 {[%emt 0:00:02]} 39. Ng4 {[%emt 0:00:01]} h5 {[%emt 0:00:01]} 40. Ne3 {[%emt 0:00:01]} b3 {[%emt 0:00:01]} 41. Nd5 {[%emt 0:00:01]} Bd8 {[%emt 0:00:01]} 42. Qd2 {[%emt 0:00:00]} a4 {[%emt 0:00:00]} 43. Nd4 {[%emt 0:00:02]} Qc5 {[%emt 0:00:01]} 44. Nxe6+ {[%emt 0:00:01]} fxe6 {[%emt 0:00:00]} 45. Ne3 {[%emt 0:00:00]} Be7 {[%emt 0:00:01]} 46. Qd3 {[%emt 0:00:01]} Kf7 {[%emt 0:00:01]} 47. Nc4 {[%emt 0:00:00]} a3 {[%emt 0:00:01]} 48. bxa3 {[%emt 0:00:01]} Qb5 {[%emt 0:00:01]} 49. Nb2 {[%emt 0:00:01]} Qxd3 {[%emt 0:00:02]} 50. Nxd3 {[%emt 0:00:00]} Bxa3 {[%emt 0:00:00]} 51. c4 {[%emt 0:00:01]} b2 {[%emt 0:00:00]} 52. Nxb2 {[%emt 0:00:01]} Bxb2 {[%emt 0:00:00]} 53. Kf3 {[%emt 0:00:00]} Bd4 {[%emt 0:00:00]} 54. Ke2 {[%emt 0:00:01]} Bc5 {[%emt 0:00:00]} 55. f4 {[%emt 0:00:01]} e5 {[%emt 0:00:00]} 56. Kf3 {[%emt 0:00:01]} Ke6 {[%emt 0:00:00]} 57. g4 {[%emt 0:00:01]} exf4 {[%emt 0:00:00]} 58. Kxf4 {[%emt 0:00:00]} h4 {[%emt 0:00:00]} 59. g5 {[%emt 0:00:01]} Be7 {[%emt 0:00:00]} 60. Kg4 {[%emt 0:00:01]} Ke5 {[%emt 0:00:00]} 61. Kxh4 {[%emt 0:00:01]} Kxe4 {[%emt 0:00:00]} 62. Kg4 {[%emt 0:00:00]} Bd8 {[%emt 0:00:02]} 63. h4 {[%emt 0:00:00]} Be7 {[%emt 0:00:00]} 64. h5 {[%emt 0:00:00]} gxh5+ {[%emt 0:00:00]} 65. Kxh5 {[%emt 0:00:00]} Bxg5 {[%emt 0:00:00]} 66. Kxg5 {[%emt 0:00:00]} Kd4 {[%emt 0:00:00]} 67. c5 {[%emt 0:00:00]} Kxc5 {[%emt 0:00:00] (Lag: Av=0.44s, max=0.9s)} 1/2-1/2

[Event "Stay Safe Play From Home 269"]
[Site "Emanuel Lasker Arena"]
[Date "2020.07.01"]
[Round "4"]
[White "Mepe_Nika"]
[Black "Haxhi Baha"]
[Result "1-0"]
[WhiteElo "2422"]
[BlackElo "2064"]
[PlyCount "71"]
[EventDate "2020.07.01"]
[EventType "swiss (blitz)"]

1. d4 {[%emt 0:00:01]} d5 {[%emt 0:00:01]} 2. Bf4 {[%emt 0:00:00]} e6 {[%emt 0:00:01]} 3. e3 {[%emt 0:00:00]} Bd6 {[%emt 0:00:00]} 4. Bxd6 {[%emt 0:00:00]} Qxd6 {[%emt 0:00:01]} 5. c4 {[%emt 0:00:00]} dxc4 {[%emt 0:00:01]} 6. Bxc4 {[%emt 0:00:02]} Qb4+ {[%emt 0:00:01]} 7. Nd2 {[%emt 0:00:00]} Qxb2 {[%emt 0:00:01]} 8. Ne2 {[%emt 0:00:01]} Nf6 {[%emt 0:00:01]} 9. O-O {[%emt 0:00:01]} O-O {[%emt 0:00:01]} 10. e4 {[%emt 0:00:04]} Nc6 {[%emt 0:00:02]} 11. e5 {[%emt 0:00:02]} Nd5 {[%emt 0:00:01]} 12. Bxd5 {[%emt 0:00:01]} exd5 {[%emt 0:00:00]} 13. Nb3 {[%emt 0:00:01]} Bg4 {[%emt 0:00:03]} 14. f3 {[%emt 0:00:01]} Bh5 {[%emt 0:00:01]} 15. Rc1 {[%emt 0:00:01]} Bg6 {[%emt 0:00:03]} 16. Nc5 {[%emt 0:00:04]} Nb4 {[%emt 0:00:03]} 17. Nxb7 {[%emt 0:00:02]} Nxa2 {[%emt 0:00:01]} 18. Rxc7 {[%emt 0:00:01]} Rac8 {[%emt 0:00:02]} 19. Rxc8 {[%emt 0:00:01]} Rxc8 {[%emt 0:00:00]} 20. Nf4 {[%emt 0:00:01]} Qxb7 {[%emt 0:00:02]} 21. e6 {[%emt 0:00:02]} fxe6 {[%emt 0:00:02]} 22. Nxe6 {[%emt 0:00:00]} Qb6 {[%emt 0:00:01]} 23. Nc5 {[%emt 0:00:01]} Rxc5 {[%emt 0:00:02]} 24. dxc5 {[%emt 0:00:00]} Qxc5+ {[%emt 0:00:00]} 25. Kh1 {[%emt 0:00:00]} h6 {[%emt 0:00:00]} 26. Qa4 {[%emt 0:00:01]} Nc3 {[%emt 0:00:02]} 27. Qa6 {[%emt 0:00:03]} Kh7 {[%emt 0:00:02]} 28. h3 {[%emt 0:00:01]} d4 {[%emt 0:00:02]} 29. Re1 {[%emt 0:00:01]} d3 {[%emt 0:00:01]} 30. Re6 {[%emt 0:00:01]} d2 {[%emt 0:00:01]} 31. Rxg6 {[%emt 0:00:02]} d1=Q+ {[%emt 0:00:02]} 32. Kh2 {[%emt 0:00:00]} Qe5+ {[%emt 0:00:01]} 33. Rg3 {[%emt 0:00:04]} Qde1 {[%emt 0:00:01]} 34. Qg6+ {[%emt 0:00:02]} Kh8 {[%emt 0:00:01]} 35. f4 {[%emt 0:00:03]} Qxf4 {[%emt 0:00:04]} 36. Qxg7# {[%emt 0:00:01] (Lag: Av=0.88s, max=1.3s)} 1-0

[Event "Stay Safe Play From Home 269"]
[Site "Emanuel Lasker Arena"]
[Date "2020.07.01"]
[Round "4"]
[White "Jhhonnyy"]
[Black "Bardellosport"]
[Result "1-0"]
[WhiteElo "2281"]
[BlackElo "1975"]
[PlyCount "57"]
[EventDate "2020.07.01"]
[EventType "swiss (blitz)"]

1. d4 {[%emt 0:00:01]} g6 {[%emt 0:00:01]} 2. c4 {[%emt 0:00:00]} Bg7 {[%emt 0:00:00]} 3. Nf3 {[%emt 0:00:00]} d6 {[%emt 0:00:00]} 4. g3 {[%emt 0:00:00]} e6 {[%emt 0:00:00]} 5. Bg2 {[%emt 0:00:00]} Ne7 {[%emt 0:00:01]} 6. O-O {[%emt 0:00:00]} c6 {[%emt 0:00:00]} 7. Nc3 {[%emt 0:00:00]} Qc7 {[%emt 0:00:00]} 8. e4 {[%emt 0:00:00]} Nd7 {[%emt 0:00:01]} 9. h3 {[%emt 0:00:00]} b6 {[%emt 0:00:00]} 10. Be3 {[%emt 0:00:00]} O-O {[%emt 0:00:00]} 11. Rc1 {[%emt 0:00:00]} Bb7 {[%emt 0:00:00]} 12. b4 {[%emt 0:00:00]} d5 {[%emt 0:00:01]} 13. Qb3 {[%emt 0:00:00]} dxc4 {[%emt 0:00:01]} 14. Qxc4 {[%emt 0:00:01]} b5 {[%emt 0:00:01]} 15. Nxb5 {[%emt 0:00:01]} Nb6 {[%emt 0:00:00]} 16. Nxc7 {[%emt 0:00:01]} Nxc4 {[%emt 0:00:00]} 17. Nxa8 {[%emt 0:00:01]} Nxe3 {[%emt 0:00:01]} 18. fxe3 {[%emt 0:00:00]} Rxa8 {[%emt 0:00:03]} 19. Nd2 {[%emt 0:00:00]} Kf8 {[%emt 0:00:01]} 20. Nb3 {[%emt 0:00:01]} Ke8 {[%emt 0:00:01]} 21. Na5 {[%emt 0:00:00]} Bc8 {[%emt 0:00:01]} 22. Nxc6 {[%emt 0:00:01]} Kd7 {[%emt 0:00:03]} 23. Nxe7 {[%emt 0:00:02]} Kxe7 {[%emt 0:00:00]} 24. Rc7+ {[%emt 0:00:01]} Kd6 {[%emt 0:00:01]} 25. Rfxf7 {[%emt 0:00:01]} Bh8 {[%emt 0:00:03]} 26. Rxa7 {[%emt 0:00:01]} Rxa7 {[%emt 0:00:01]} 27. Rxa7 {[%emt 0:00:01]} Bd7 {[%emt 0:00:00]} 28. e5+ {[%emt 0:00:01]} Ke7 {[%emt 0:00:02]} 29. Bc6 {[%emt 0:00:00] Bardellosport abbandona (Lag: Av=0.24s, max=0.6s)} 1-0

[Event "Stay Safe Play From Home 269"]
[Site "Emanuel Lasker Arena"]
[Date "2020.07.01"]
[Round "4"]
[White "SoulofWolf"]
[Black "The Next Contender"]
[Result "1-0"]
[WhiteElo "2167"]
[BlackElo "1957"]
[PlyCount "101"]
[EventDate "2020.07.01"]
[EventType "swiss (blitz)"]

1. f4 {[%emt 0:00:02]} d5 {[%emt 0:00:00]} 2. d3 {[%emt 0:00:00]} c5 {[%emt 0:00:00]} 3. Nf3 {[%emt 0:00:00]} e6 {[%emt 0:00:00]} 4. b3 {[%emt 0:00:00]} Nf6 {[%emt 0:00:00]} 5. Bb2 {[%emt 0:00:00]} g6 {[%emt 0:00:00]} 6. Nbd2 {[%emt 0:00:00]} Bg7 {[%emt 0:00:00]} 7. e4 {[%emt 0:00:00]} O-O {[%emt 0:00:01]} 8. e5 {[%emt 0:00:00]} Nfd7 {[%emt 0:00:01]} 9. Be2 {[%emt 0:00:01]} Nc6 {[%emt 0:00:00]} 10. O-O {[%emt 0:00:00]} b6 {[%emt 0:00:00]} 11. c3 {[%emt 0:00:00]} Bb7 {[%emt 0:00:00]} 12. a4 {[%emt 0:00:00]} Rc8 {[%emt 0:00:01]} 13. Qe1 {[%emt 0:00:00]} f5 {[%emt 0:00:01]} 14. h3 {[%emt 0:00:01]} Qe7 {[%emt 0:00:01]} 15. Kh2 {[%emt 0:00:01]} h5 {[%emt 0:00:01]} 16. Nh4 {[%emt 0:00:02]} Qf7 {[%emt 0:00:02]} 17. Qg3 {[%emt 0:00:00]} Kh7 {[%emt 0:00:01]} 18. Ndf3 {[%emt 0:00:02]} Bh6 {[%emt 0:00:04]} 19. Ba3 {[%emt 0:00:05]} Rg8 {[%emt 0:00:01]} 20. Rg1 {[%emt 0:00:02]} Nf8 {[%emt 0:00:01]} 21. b4 {[%emt 0:00:03]} Ne7 {[%emt 0:00:07]} 22. Bd1 {[%emt 0:00:05]} Nd7 {[%emt 0:00:01]} 23. Rc1 {[%emt 0:00:01]} Rg7 {[%emt 0:00:01]} 24. Bc2 {[%emt 0:00:00]} Rcg8 {[%emt 0:00:01]} 25. Qf2 {[%emt 0:00:01]} g5 {[%emt 0:00:01]} 26. fxg5 {[%emt 0:00:01]} Bxg5 {[%emt 0:00:00]} 27. Nxg5+ {[%emt 0:00:00]} Rxg5 {[%emt 0:00:00]} 28. g3 {[%emt 0:00:00]} Ng6 {[%emt 0:00:04]} 29. Nf3 {[%emt 0:00:00]} Qe7 {[%emt 0:00:05]} 30. d4 {[%emt 0:00:08]} h4 {[%emt 0:00:09]} 31. Nxg5+ {[%emt 0:00:04]} Qxg5 {[%emt 0:00:01]} 32. gxh4 {[%emt 0:00:01]} Qh5 {[%emt 0:00:01]} 33. Bd1 {[%emt 0:00:01]} Qh6 {[%emt 0:00:01]} 34. Qg3 {[%emt 0:00:01]} Ne7 {[%emt 0:00:03]} 35. bxc5 {[%emt 0:00:00]} Rxg3 {[%emt 0:00:01]} 36. Rxg3 {[%emt 0:00:00]} bxc5 {[%emt 0:00:00]} 37. Bf3 {[%emt 0:00:02]} Qf4 {[%emt 0:00:01]} 38. Rcg1 {[%emt 0:00:00]} cxd4 {[%emt 0:00:01]} 39. Bc1 {[%emt 0:00:00]} Nxe5 {[%emt 0:00:01]} 40. Bxf4 {[%emt 0:00:01]} Nxf3+ {[%emt 0:00:00]} 41. Rxf3 {[%emt 0:00:00]} dxc3 {[%emt 0:00:00]} 42. Rxc3 {[%emt 0:00:00]} d4 {[%emt 0:00:01]} 43. Rc7 {[%emt 0:00:00]} Bg2 {[%emt 0:00:03]} 44. Rxe7+ {[%emt 0:00:01]} Kg6 {[%emt 0:00:00]} 45. Rxg2+ {[%emt 0:00:01]} Kf6 {[%emt 0:00:00]} 46. Reg7 {[%emt 0:00:01]} e5 {[%emt 0:00:00]} 47. Bc1 {[%emt 0:00:02]} Ke6 {[%emt 0:00:00]} 48. R2g6+ {[%emt 0:00:00]} Kd5 {[%emt 0:00:00]} 49. Rd7+ {[%emt 0:00:01]} Ke4 {[%emt 0:00:00]} 50. Rg4+ {[%emt 0:00:01]} f4 {[%emt 0:00:00]} 51. Rxf4+ {[%emt 0:00:02] Time (Lag: Av=0.58s, max=1.4s) '} 1-0

[Event "Stay Safe Play From Home 269"]
[Site "Emanuel Lasker Arena"]
[Date "2020.07.01"]
[Round "4"]
[White "Aadi3110theking"]
[Black "Trotsky"]
[Result "0-1"]
[WhiteElo "1665"]
[BlackElo "1601"]
[Annotator "NA"]
[PlyCount "68"]
[EventDate "2020.07.01"]
[EventType "swiss (blitz)"]

1. Nf3 {[%emt 0:00:02]} d5 {[%emt 0:00:01]} 2. c4 {[%emt 0:00:01]} e6 {[%emt 0:00:00]} 3. b3 {[%emt 0:00:01]} c5 {[%emt 0:00:01]} 4. Bb2 {[%emt 0:00:01]} Nc6 {[%emt 0:00:01]} 5. e3 {[%emt 0:00:00]} f6 {[%emt 0:00:01]} 6. g3 {[%emt 0:00:00]} Bd6 {[%emt 0:00:01]} 7. d3 {[%emt 0:00:01]} Qc7 {[%emt 0:00:01]} 8. Bg2 {[%emt 0:00:00]} Bd7 {[%emt 0:00:01]} 9. O-O {[%emt 0:00:00]} h5 {[%emt 0:00:01]} 10. Qe2 {[%emt 0:00:00]} Nh6 {[%emt 0:00:01]} 11. Nh4 {[%emt 0:00:00]} Ng4 {[%emt 0:00:01]} 12. h3 {[%emt 0:00:01]} Bxg3 {[%emt 0:00:03]} 13. fxg3 {[%emt 0:00:05]} Qxg3 {[%emt 0:00:01]} 14. hxg4 {[%emt 0:00:02]} hxg4 {[%emt 0:00:01]} 15. Qf2 {[%emt 0:00:05]} Qd6 {[%emt 0:00:05]} 16. Ng6 {[%emt 0:00:02]} Rh2 {[%emt 0:00:03]} 17. Nf4 {[%emt 0:00:06]} Rh7 {[%emt 0:00:04]} 18. cxd5 {[%emt 0:00:01]} exd5 {[%emt 0:00:02]} 19. Bxd5 {[%emt 0:00:00]} O-O-O {[%emt 0:00:02]} 20. Be4 {[%emt 0:00:01]} g6 {[%emt 0:00:04]} 21. Bxg6 {[%emt 0:00:04]} Rh6 {[%emt 0:00:01]} 22. Nc3 {[%emt 0:00:03]} Rdh8 {[%emt 0:00:01]} 23. Be4 {[%emt 0:00:06]} Ne5 {[%emt 0:00:02]} 24. d4 {[%emt 0:00:09]} Nf3+ {[%emt 0:00:03]} 25. Bxf3 {[%emt 0:00:01]} gxf3 {[%emt 0:00:01]} 26. Qxf3 {[%emt 0:00:00]} Rh1+ {[%emt 0:00:02]} 27. Qxh1 {[%emt 0:00:02]} Rxh1+ {[%emt 0:00:01]} 28. Kxh1 {[%emt 0:00:00]} f5 {[%emt 0:00:02]} 29. dxc5 {[%emt 0:00:02]} Qh6+ {[%emt 0:00:01]} 30. Kg1 {[%emt 0:00:02]} Bc6 {[%emt 0:00:01]} 31. Kf2 {[%emt 0:00:00]} Qh2+ {[%emt 0:00:01]} 32. Ke1 {[%emt 0:00:00]} Qxb2 {[%emt 0:00:02]} 33. Rd1 {[%emt 0:00:00]} Qxc3+ {[%emt 0:00:01]} 34. Rd2 {[%emt 0:00:01]} Bb5 {[%emt 0:00:01] Time (Lag: Av=0.56s, max=1.0s)} 0-1

[Event "Stay Safe Play From Home 269"]
[Site "Emanuel Lasker Arena"]
[Date "2020.07.01"]
[Round "4"]
[White "Klasman"]
[Black "NeatFox"]
[Result "0-1"]
[WhiteElo "1361"]
[BlackElo "1888"]
[Annotator "NA"]
[PlyCount "42"]
[EventDate "2020.07.01"]
[EventType "swiss (blitz)"]

1. f4 {[%emt 0:00:01]} c6 {[%emt 0:00:00]} 2. Nf3 {[%emt 0:00:01]} d5 {[%emt 0:00:00]} 3. e3 {[%emt 0:00:03]} g6 {[%emt 0:00:00]} 4. d4 {[%emt 0:00:01]} Bg7 {[%emt 0:00:00]} 5. c4 {[%emt 0:00:01]} Nf6 {[%emt 0:00:00]} 6. Nc3 {[%emt 0:00:03]} O-O {[%emt 0:00:01]} 7. Bd2 {[%emt 0:00:01]} Bg4 {[%emt 0:00:01]} 8. Be2 {[%emt 0:00:02]} Bxf3 {[%emt 0:00:00]} 9. Bxf3 {[%emt 0:00:01]} dxc4 {[%emt 0:00:01]} 10. b3 {[%emt 0:00:06]} cxb3 {[%emt 0:00:01]} 11. Qxb3 {[%emt 0:00:01]} e6 {[%emt 0:00:01]} 12. Qxb7 {[%emt 0:00:02]} Nbd7 {[%emt 0:00:00]} 13. Qxc6 {[%emt 0:00:02]} Rc8 {[%emt 0:00:01]} 14. Qa4 {[%emt 0:00:02]} Qb6 {[%emt 0:00:01]} 15. O-O {[%emt 0:00:02]} Nd5 {[%emt 0:00:06]} 16. Rfb1 {[%emt 0:00:03]} Qd6 {[%emt 0:00:02]} 17. Nxd5 {[%emt 0:00:06]} exd5 {[%emt 0:00:00]} 18. Qxa7 {[%emt 0:00:05]} Rc7 {[%emt 0:00:01]} 19. Qa4 {[%emt 0:00:06]} Qe6 {[%emt 0:00:04]} 20. Bb4 {[%emt 0:00:01]} Nb6 {[%emt 0:00:02]} 21. Qa3 {[%emt 0:00:06]} Nc4 {[%emt 0:00:01] Time (Lag: Av=0.32s, max=0.4s)} 0-1

[Event "Stay Safe Play From Home 269"]
[Site "Emanuel Lasker Arena"]
[Date "2020.07.01"]
[Round "4"]
[White "Germanicus G"]
[Black "Lazieri3"]
[Result "1-0"]
[WhiteElo "1351"]
[BlackElo "2108"]
[PlyCount "69"]
[EventDate "2020.07.01"]
[EventType "swiss (blitz)"]

1. g3 {[%emt 0:00:01]} c6 {[%emt 0:00:00]} 2. Bg2 {[%emt 0:00:01]} d5 {[%emt 0:00:01]} 3. Nf3 {[%emt 0:00:00]} Nf6 {[%emt 0:00:01]} 4. d4 {[%emt 0:00:00]} Bf5 {[%emt 0:00:01]} 5. O-O {[%emt 0:00:00]} e6 {[%emt 0:00:01]} 6. c3 {[%emt 0:00:01]} h6 {[%emt 0:00:01]} 7. Nbd2 {[%emt 0:00:02]} Bd6 {[%emt 0:00:01]} 8. Re1 {[%emt 0:00:01]} O-O {[%emt 0:00:01]} 9. e3 {[%emt 0:00:01]} Ne4 {[%emt 0:00:01]} 10. Nxe4 {[%emt 0:00:02]} Bxe4 {[%emt 0:00:00]} 11. Nd2 {[%emt 0:00:01]} Bxg2 {[%emt 0:00:00]} 12. Kxg2 {[%emt 0:00:01]} Nd7 {[%emt 0:00:00]} 13. f4 {[%emt 0:00:01]} f6 {[%emt 0:00:01]} 14. Nf3 {[%emt 0:00:01]} e5 {[%emt 0:00:01]} 15. dxe5 {[%emt 0:00:01]} fxe5 {[%emt 0:00:00]} 16. fxe5 {[%emt 0:00:07]} Nxe5 {[%emt 0:00:00]} 17. Nxe5 {[%emt 0:00:02]} Bxe5 {[%emt 0:00:01]} 18. e4 {[%emt 0:00:01]} Qf6 {[%emt 0:00:02]} 19. exd5 {[%emt 0:00:08]} Qf2+ {[%emt 0:00:03]} 20. Kh3 {[%emt 0:00:01]} Rf5 {[%emt 0:00:08]} 21. dxc6 {[%emt 0:00:09]} g6 {[%emt 0:00:01]} 22. cxb7 {[%emt 0:00:02]} Rh5+ {[%emt 0:00:01]} 23. Qxh5 {[%emt 0:00:03]} gxh5 {[%emt 0:00:01]} 24. bxa8=Q+ {[%emt 0:00:01]} Kg7 {[%emt 0:00:01]} 25. Qb7+ {[%emt 0:00:03]} Kf6 {[%emt 0:00:02]} 26. Qe4 {[%emt 0:00:02]} Qxe1 {[%emt 0:00:02]} 27. Qxe1 {[%emt 0:00:02]} h4 {[%emt 0:00:00]} 28. Bxh6 {[%emt 0:00:01]} hxg3 {[%emt 0:00:00]} 29. hxg3 {[%emt 0:00:01]} Bd6 {[%emt 0:00:04]} 30. g4 {[%emt 0:00:00]} Kg6 {[%emt 0:00:01]} 31. g5 {[%emt 0:00:00]} Be5 {[%emt 0:00:02]} 32. Qe4+ {[%emt 0:00:00]} Kh5 {[%emt 0:00:02]} 33. Rf1 {[%emt 0:00:01]} Bf4 {[%emt 0:00:05]} 34. Qxf4 {[%emt 0:00:02]} Kg6 {[%emt 0:00:01]} 35. Qf7# {[%emt 0:00:01] (Lag: Av=0.48s, max=1.2s)} 1-0

[Event "Stay Safe Play From Home 269"]
[Site "Emanuel Lasker Arena"]
[Date "2020.07.01"]
[Round "5"]
[White "AChessPlayer"]
[Black "Germanicus G"]
[Result "1-0"]
[WhiteElo "2440"]
[BlackElo "1385"]
[PlyCount "75"]
[EventDate "2020.07.01"]
[EventType "swiss (blitz)"]

1. g3 {[%emt 0:00:02]} b6 {[%emt 0:00:00]} 2. Bg2 {[%emt 0:00:00]} c6 {[%emt 0:00:03]} 3. d4 {[%emt 0:00:01]} Bb7 {[%emt 0:00:01]} 4. c4 {[%emt 0:00:00]} d5 {[%emt 0:00:02]} 5. cxd5 {[%emt 0:00:02]} cxd5 {[%emt 0:00:01]} 6. Nc3 {[%emt 0:00:00]} Nf6 {[%emt 0:00:01]} 7. Nf3 {[%emt 0:00:00]} e6 {[%emt 0:00:01]} 8. O-O {[%emt 0:00:00]} Be7 {[%emt 0:00:02]} 9. Qa4+ {[%emt 0:00:01]} Bc6 {[%emt 0:00:03]} 10. Qb3 {[%emt 0:00:00]} O-O {[%emt 0:00:01]} 11. Ne5 {[%emt 0:00:00]} Bb7 {[%emt 0:00:02]} 12. a4 {[%emt 0:00:01]} Nc6 {[%emt 0:00:02]} 13. Rd1 {[%emt 0:00:04]} Nxe5 {[%emt 0:00:02]} 14. dxe5 {[%emt 0:00:01]} Nd7 {[%emt 0:00:01]} 15. e4 {[%emt 0:00:00]} Nc5 {[%emt 0:00:04]} 16. Qb5 {[%emt 0:00:04]} d4 {[%emt 0:00:01]} 17. Qc4 {[%emt 0:00:07]} Ba6 {[%emt 0:00:02]} 18. Qxd4 {[%emt 0:00:01]} Qxd4 {[%emt 0:00:02]} 19. Rxd4 {[%emt 0:00:00]} Rfd8 {[%emt 0:00:01]} 20. Rxd8+ {[%emt 0:00:03]} Rxd8 {[%emt 0:00:02]} 21. Be3 {[%emt 0:00:00]} Nb3 {[%emt 0:00:02]} 22. Re1 {[%emt 0:00:02]} Bb4 {[%emt 0:00:01]} 23. Bf1 {[%emt 0:00:00]} Bxf1 {[%emt 0:00:02]} 24. Kxf1 {[%emt 0:00:00]} Bxc3 {[%emt 0:00:01]} 25. bxc3 {[%emt 0:00:00]} g6 {[%emt 0:00:02]} 26. Ke2 {[%emt 0:00:00]} Rc8 {[%emt 0:00:02]} 27. Kd3 {[%emt 0:00:03]} Nc5+ {[%emt 0:00:02]} 28. Bxc5 {[%emt 0:00:01]} Rxc5 {[%emt 0:00:00]} 29. f4 {[%emt 0:00:00]} Ra5 {[%emt 0:00:01]} 30. Ra1 {[%emt 0:00:01]} b5 {[%emt 0:00:01]} 31. Kc2 {[%emt 0:00:01]} bxa4 {[%emt 0:00:01]} 32. Kb2 {[%emt 0:00:01]} Kf8 {[%emt 0:00:02]} 33. Ka3 {[%emt 0:00:00]} Ke7 {[%emt 0:00:02]} 34. Kb4 {[%emt 0:00:00]} Ra6 {[%emt 0:00:02]} 35. Rxa4 {[%emt 0:00:00]} Rxa4+ {[%emt 0:00:01]} 36. Kxa4 {[%emt 0:00:00]} Kd7 {[%emt 0:00:01]} 37. Ka5 {[%emt 0:00:00]} Kc6 {[%emt 0:00:01]} 38. Kb4 {[%emt 0:00:01] Zeit (Lag: Av=0.24s, max=0.3s)} 1-0